[Explicación de la doctrina cristiana]. (Record no. 184096)

MARC details
000 -LEADER
campo de control de longitud fija 00722nam a2200193 i 4500
001 - NÚMERO DE CONTROL
campo de control 184096
003 - IDENTIFICADOR DE NÚMERO DE CONTROL
campo de control ES-MaACL
005 - FECHA Y HORA DE LA ÚLTIMA TRANSACCIÓN
campo de control 20250830020107.0
008 - DATOS DE LONGITUD FIJA--INFORMACIÓN GENERAL
campo de control de longitud fija 150316q17001799sp |||| | spa d
245 01 - MENCIÓN DEL TÍTULO
Título [Explicación de la doctrina cristiana].
260 ## - PUBLICACIÓN, DISTRIBUCIÓN, ETC.
Lugar de publicación, distribución, etc. [S.l. :
Nombre del editor, distribuidor, etc. s.n.,
Fecha de publicación, distribución, etc. 17-?]
300 ## - DESCRIPCIÓN FÍSICA
Extensión 388, [4] páginas ;
Dimensiones 20 cm.
650 07 - PUNTO DE ACCESO ADICIONAL DE MATERIA--TÉRMINO DE MATERIA
Término de materia o nombre geográfico como elemento de entrada Teología dogmática
Fuente del encabezamiento o término embne
9 (RLIN) 17468
655 #7 - TERMINO DE INDIZACIÓN--GENERO/FORMA
Fuente del término tgfbne
9 (RLIN) 234608
Datos o término principal de género/forma Catecismos
852 1# - LOCALIZACIÓN
Ubicación BA
Ubicación en estantería Depósito
Partes que faltan Faltan las primeras 35 p., incluida la portada
Anotaciones manuscritas Última hoja de guarda con diversas textos manuscritos
Donativo/Legado Donativo de Segismundo Román González
Número de control de estantería Armario 18
Encuadernación Pergamino
942 ## - ELEMENTOS DE ENTRADA SECUNDARIOS (KOHA)
Fuente del sistema de clasificación o colocación Clasificación decimal universal
Tipo de ítem Koha Libro impreso antiguo
Suprimir en OPAC No
Holdings
Estatus retirado Estado de pérdida Fuente del sistema de clasificación o colocación Estado de daño No para préstamo Colección Biblioteca de origen Biblioteca actual Ubicación en estantería Fecha de adquisición Fuente de adquisición Total de préstamos Signatura topográfica completa Código de barras Visto por última vez Tipo de ítem Koha
    Clasificación decimal universal     Libros del s. XVIII Biblioteca del Ateneo de Madrid Biblioteca del Ateneo de Madrid Depósito 16/03/2015 Donación   Armario 18 1193608 23/02/2023 Libro impreso antiguo